000
00473nam a2200169Ia 4500
008
090711s9999 xx 000 0 und d
082
_b
41968
100
_a
गुप्ते Sाारुशीला
245
_a
पालखी
260
_c
1980
300
_a
191
600
_a
गुप्ते Sाारुशीला
630
_a
पालखी
700
_a
गुप्ते Sाारुशीला
730
_a
पालखी
942
_c
BOOK
999
_c
294782
_d
294782